| 000 | 00375nam a2200169Ia 4500 | ||
|---|---|---|---|
| 005 | 20250515025700.0 | ||
| 008 | 240331s9999 xx 000 0 und d | ||
| 020 | _a | ||
| 082 |
_a302.2 _bSAT |
||
| 100 | _aSatyalit,R | ||
| 245 | 0 | _aCinemavum kalayum | |
| 260 |
_aSivagangai _bAnnam Pvt Ltd _c1989 |
||
| 300 | _a134 p ., | ||
| 650 | _aCinema | ||
| 650 | _aArt | ||
| 942 | _cL | ||
| 999 |
_c1100 _d1100 |
||